000 00528nam a22001937a 4500
003 MPLRDC
005 20220104195012.0
008 210129b ||||| |||| 00| 0 eng d
020 _a978-967-0564-39-5
082 _a859.6 CQF v.1
100 _a陈秋芬
245 _a绿眼睛
_c
250 _a初版一刷
260 _a马来西亚
_b红蜻蜓出版有限公司 ODONATA PUBLISHING SDN BHD
_c2014
300 _b
490 _a陈秋芬作品: 01
650 _a儿童故事;儿童小说
942 _cBK
_o859.6 CQF v.1
999 _c65964
_d65954